Advanced physics (Record no. 17217)

MARC details
000 -LEADER
fixed length control field 00548nam a2200217Ia 4500
003 - CONTROL NUMBER IDENTIFIER
control field IN-BaIIA
008 - FIXED-LENGTH DATA ELEMENTS--GENERAL INFORMATION
fixed length control field 211028s9999 xx 000 0 eng d
020 ## - INTERNATIONAL STANDARD BOOK NUMBER
International Standard Book Number 978-0719-576-690
040 ## - CATALOGING SOURCE
Transcribing agency IIA Library
080 ## - UNIVERSAL DECIMAL CLASSIFICATION NUMBER
Universal Decimal Classification number 53
Item number DUN
100 ## - MAIN ENTRY--PERSONAL NAME
Personal name Duncan, Tom
9 (RLIN) 32436
245 #0 - TITLE STATEMENT
Title Advanced physics
Statement of responsibility, etc. Yasaman Bahreini and Tom Duncan
250 ## - EDITION STATEMENT
Edition statement 5th ed.
260 ## - PUBLICATION, DISTRIBUTION, ETC.
Place of publication, distribution, etc. London
Name of publisher, distributor, etc. Hodder Education
Date of publication, distribution, etc. 2008
300 ## - PHYSICAL DESCRIPTION
Extent ix, 587p.
650 ## - SUBJECT ADDED ENTRY--TOPICAL TERM
Topical term or geographic name entry element Atoms
9 (RLIN) 1137
650 ## - SUBJECT ADDED ENTRY--TOPICAL TERM
Topical term or geographic name entry element Mechanics
650 ## - SUBJECT ADDED ENTRY--TOPICAL TERM
Topical term or geographic name entry element Waves
700 ## - ADDED ENTRY--PERSONAL NAME
Personal name Bahreini, Yasaman
9 (RLIN) 32437
942 ## - ADDED ENTRY ELEMENTS (KOHA)
Koha item type Books
Holdings
Withdrawn status Lost status Damaged status Not for loan Home library Current library Shelving location Date acquired Source of acquisition Cost, normal purchase price Total Checkouts Full call number Barcode Date last seen Cost, replacement price Price effective from Koha item type Purchase Price
        IIA Library-Bangalore IIA Library-Bangalore General Stacks 20/03/2009 BB 295.00   53/ DUN 18139 05/11/2021 295.00 20/03/2009 Books Rs. 295.00

Powered by Koha